Lời quê góp nhặt (Phê bình, tiểu luận)

Gespeichert in:
Bibliographische Detailangaben
1. Verfasser: Nguyễn Thụy Kha
Format: Buch
Sprache:Undetermined
Veröffentlicht: Hà Nội Hội Nhà Văn 1999
Schlagworte:
Tags: Tag hinzufügen
Keine Tags, Fügen Sie den ersten Tag hinzu!
Thư viện lưu trữ: Trung tâm Học liệu Trường Đại học Cần Thơ
LEADER 00627nam a2200193Ia 4500
001 CTU_34466
008 210402s9999 xx 000 0 und d
020 |b 16.000đ 
082 |a 809.1 
082 |b Kh100 
100 |a Nguyễn Thụy Kha 
245 0 |a Lời quê góp nhặt (Phê bình, tiểu luận) 
245 0 |c Nguyễn Thụy Kha 
260 |a Hà Nội 
260 |b Hội Nhà Văn 
260 |c 1999 
650 |a vietnamese literature - history and criticism,vietnamese poetry - history and criticism 
904 |i Minh, 991209 
980 |a Trung tâm Học liệu Trường Đại học Cần Thơ